000 00314nam a22001457a 4500
008 210310b ||||| |||| 00| 0 eng d
020 _a9780256123814
041 _aeng
080 _a338
082 _a338
100 _a53
101 _aMEN
245 _aOperations Management
_cMelnyk, S. A
942 _2udc
_cBK
999 _c56175
_d56175